Movies Quiz

Random Movies or Disney Quiz
Score 0/42 Timer 05:00
8 Plays Today
% Correct
and
92.8%
what
90.6%
what
90.6%
what
90.6%
what
90.6%
What
90.6%
Flower
90.3%
was
90.2%
was
90.2%
was
90.2%
your
90.1%
mine
89.7%
mine
89.7%
mine.
89.7%
shine
89.6%
once
89.4%
once
89.4%
once
89.4%
Let
89.2%
glow
89%
the
89%
% Correct
the
89%
back
88.2%
back
88.2%
power
87.4%
gleam
86.5%
Bring
85.8%
Bring
85.8%
Make
78%
clock
77.1%
reverse
77%
heal
72.7%
has
71%
has
71%
been
70.9%
been
70.9%
hurt
66.1%
lost
65.7%
Change
60.2%
design
58.2%
fate's
57.1%
Save
49.6%

You're not logged in!

Compare scores with friends on all Sporcle quizzes.
OR
Log In

Sporcle TV

Today on Sporcle TV


Watch our educational content, quiz creation guides, and fun videos on Sporcle TV.

Show Comments

Extras

Top Quizzes Today


Score Distribution

Paid Content

Your Account Isn't Verified!

In order to create a playlist on Sporcle, you need to verify the email address you used during registration. Go to your Sporcle Settings to finish the process.

Report this User

Report this user for behavior that violates our Community Guidelines.

Details: